000 00371nam a2200157Ia 4500
008 210716s2012 xx 000 0 und d
020 _a9788131760352
041 _aeng
082 _a658.802 KASP
100 _aKashyap, Pradeep.
245 _aRural marketing.
250 _a2
260 _aNew Delhi
_bPearson
_c2012
300 _axxv,300
650 _aRural Marketing
999 _c208052
_d208052